| Поле | Инд. | ПП | Название | Значение |
|---|---|---|---|---|
| Тип записи | a | |||
| Библиографический уровень | b | |||
| 001 | Контрольный номер | bozh09_to94_no1_ss144_ad1 | ||
| 005 | Дата корректировки | 20140227173544.4 | ||
| 008 | Кодируемые данные | 090525s2009||||RU|||||||||||#||||# rus0| | ||
| 035 | a | Системный контрольный номер | RUMARS-bozh09_to94_no1_ss144_ad1 | |
| 2 | AR-MARS | |||
| 040 | a | Служба первич. каталог. | Библиотека Башкирского государственного университета | |
| b | Код языка каталог. | rus | ||
| 041 | 0_ | a | Код языка текста | rus |
| h | Код языка оригинала | rus | ||
| 080 | a | Индекс УДК | 002.2 | |
| 080 | a | Индекс УДК | 58 | |
| 084 | a | Индекс другой классификации/Индекс ББК | 76.10 | |
| v | Таблицы для массовых библиотек | |||
| 084 | a | Индекс другой классификации/Индекс ББК | 28.5 | |
| v | Таблицы для массовых библиотек | |||
| 100 | 1_ | a | Автор | Миркин Б. М. |
| u | Место работы, адрес | Институт биологии УНЦ РАН, Уфа | ||
| 4 | Код отношения | 675 | ||
| 245 | 11 | a | Заглавие | [Рецензия] |
| c | Ответственность | Б. М. Миркин, Л. Г. Наумова | ||
| 300 | b | Иллюстрации/ тип воспроизводства | ил. | |
| 500 | a | Примечание | Рец. на кн.: А. В. Туганаев, В. В. Туганаев. Состав, структура и эволюция агроэкосистем Европейской России (лесная и лесостепная зоны) в средневековье (VI-XVI в. н. э. ) - Ижевск: Издательский дом "Удмуртский университет", 2007. - 198 с. | |
| 504 | 9 | 572 | ||
| a | Библиография | Библиогр.: с. 147 (2 назв. ) | ||
| 600 | 1_ | a | Персоналии | Туганаев, А. В. |
| 2 | Источник рубрики | AR-MARS | ||
| 600 | 1_ | a | Персоналии | Туганаев, В. В. |
| 2 | Источник рубрики | AR-MARS | ||
| 630 | 0_ | a | Унифицированное заглавие | Состав, структура и эволюция агроэкосистем Европейской России (лесная и лесостепная зоны) в средневековье (VI-XVI в. н. э. ) |
| 2 | Источник рубрики или термина | AR-MARS | ||
| 650 | _4 | a | Основная рубрика | Книжное дело |
| y | Хронологическая подрубрика | 6 в. | ||
| z | Географическая подрубрика | Европейская Россия | ||
| 2 | Источник рубрики | AR-MARS | ||
| y | Хронологическая подрубрика | 7 в. | ||
| y | Хронологическая подрубрика | 8 в. | ||
| y | Хронологическая подрубрика | 9 в. | ||
| y | Хронологическая подрубрика | 10 в. | ||
| y | Хронологическая подрубрика | 11 в. | ||
| y | Хронологическая подрубрика | 12 в. | ||
| y | Хронологическая подрубрика | 13 в. | ||
| y | Хронологическая подрубрика | 14 в. | ||
| y | Хронологическая подрубрика | 15 в. | ||
| y | Хронологическая подрубрика | 16 в. | ||
| 650 | _4 | a | Основная рубрика | Печатная книга |
| 2 | Источник рубрики | AR-MARS | ||
| 650 | _4 | a | Основная рубрика | Биология |
| 2 | Источник рубрики | AR-MARS | ||
| 650 | _4 | a | Основная рубрика | Ботаника в целом |
| 2 | Источник рубрики | AR-MARS | ||
| 653 | 1_ | a | Ключевые слова | агроэкосистемы |
| 653 | 1_ | a | Ключевые слова | эволюция агроэкосистем |
| 653 | 1_ | a | Ключевые слова | земледельческая цивилизация |
| 653 | 1_ | a | Ключевые слова | средневековье |
| 653 | 1_ | a | Ключевые слова | земледелие |
| 653 | 1_ | a | Ключевые слова | рецензии |
| 653 | 1_ | a | Ключевые слова | труды БашГУ |
| 700 | 1_ | a | Другие авторы | Наумова Л. Г. |
| u | Дополнение | Башкирский государственный педагогический университет им. М. Акмуллы, Уфа | ||
| 4 | Код отношения | 675 | ||
| 773 | x | ISSN | 0006-8136 | |
| t | Название источника | Ботанический журнал | ||
| d | Место и дата издания | 2009 | ||
| g | Прочая информация | Т. 94, N 1. - С. 144-147 | ||
| 801 | _0 | a | RU | |
| b | 45013098 | |||
| c | 20090525 | |||
| g | RCR | |||
| 801 | _1 | a | RU | |
| b | 45013098 | |||
| c | 20090525 | |||
| 801 | _2 | a | RU | |
| b | AR-MARS | |||
| c | 20090525 | |||
| g | RCR | |||
| 801 | _3 | a | RU | |
| b | AR-MARS | |||
| c | 20090525 | |||
| 901 | t | Тип документа | b | |
| 903 | a | code | ||
| b | bozh | |||
| d | 531 | |||
| 903 | a | year | ||
| b | 2009 | |||
| 903 | a | to | ||
| b | 94 | |||
| 903 | a | no | ||
| b | 1 | |||
| 903 | a | ss | ||
| b | 144 | |||
| 903 | a | ad | ||
| b | 1 | |||
| 911 | a | Критика и библиография |